000 00670nam a2200217Ii 4500
003 JO-AjNU
008 230606s9999||||xx |||||||||||||| ||und||
020 _a978-0-495-10179-6
040 _aJO-AjNU
_beng
_erda
_cJO-AjNU
041 _aeng
050 1 4 _aP90.V43 2008
100 3 _aF.Verderber,Rudolphتأليف/S.verderber,Kathleen م.مشارك,
_eauthor
_92068
245 0 0 _aCommunicate:International Student Edition
250 _a12 ed
264 3 1 _aUS:Thomson Wadsworth,2008
300 _a494p
336 _atext
_btxt
_2rdacontent
337 _aunmediated
_bn
_2rdamedia
338 _avolume
_bnc
_2rdacarrier
650 4 _aCommunicate-Communicate Skills
_92069
999 _aE1086
_c1086
_d1086